000 00254nam a22001097a 4500
999 _c166794
_d166794
082 _a
_b
100 _aVishwanath Gaud
245 _aAayam/
_cby Vishwanath Gaud.
260 _aNew Delhi:
_bBharathiya Vidya Prakashan,
_c2003.
650 _a
942 _cBK